000 00350pab a2200145 454500
008 180718b1990 xxu||||| |||| 00| 0 eng d
100 _aLee, J.M.
245 _aCountry government since 1889
260 _c1990
300 _a15-32
362 _aJan.-Feb.
650 _aCountry Government - U.K.
773 _aLocal Government Studies
909 _a6952
999 _c6952
_d6952